000 00785nam a22002297a 4500
003 KOHA_MİRAKIL
005 20260414065628.0
008 260414b tu ||||| |||| 00| 0 tur d
040 _aTR-AnABB
_btur
_cTR-AnABB
041 _atur
082 _a325.1
_bBES 1977
100 1 _aBeşikçi, İsmail
245 1 0 _aKürtlerin mecburi iskan'ı /
_cİsmail Beşikçi
250 _a1. basım
260 _aİstanbul :
_bKomal Yayınları,
_c1977
300 _a247 sayfa ;
_c19 cm
490 0 _aKomal Yayınları ;
_v13
_aAraştırma dizisi ;
_v6
500 _aKitap içerisinde Prof. Dr. Ruşen Keleş tarafından yapılmış satır altı çizimler ve vurgular mevcuttur.
500 _aYazar tarafından imzalıdır.
650 0 4 _aGöç ve yerleşme
942 _2ddc
_cBK
999 _c10204
_d10204
900 _bCan ÇELIK